000 00474nam a2200169Ia 4500
001 7022
003 IN-NITTTR
005 20251114233024.0
008 251113s9999||||xx |||||||||||||| ||eng||
040 _beng
040 _cIN-NITTTR
041 _aeng
082 _a372.21 G656E
245 0 _aEarly Childhood Education :
_b the seventy-first yearbook of the National society for the study of education. /
_cGordon, Ira J., ed.
700 _aGordon, Ira J.
942 _2ddc
_cBK
999 _c9660
_d9660